<?xml version="1.0" encoding="UTF-8"?>
<record
    xmlns:xsi="http://www.w3.org/2001/XMLSchema-instance"
    xsi:schemaLocation="http://www.loc.gov/MARC21/slim http://www.loc.gov/standards/marcxml/schema/MARC21slim.xsd"
    xmlns="http://www.loc.gov/MARC21/slim">

  <leader>02689cam a22004098i 4500</leader>
  <controlfield tag="001">18016100</controlfield>
  <controlfield tag="003">OSt</controlfield>
  <controlfield tag="005">20180116192424.0</controlfield>
  <controlfield tag="008">140123s2014    nju      b    001 0 eng  </controlfield>
  <datafield tag="010" ind1=" " ind2=" ">
    <subfield code="a">  2014002687</subfield>
  </datafield>
  <datafield tag="020" ind1=" " ind2=" ">
    <subfield code="a">9781118453636 (hardback)</subfield>
  </datafield>
  <datafield tag="040" ind1=" " ind2=" ">
    <subfield code="a">DLC</subfield>
    <subfield code="b">eng</subfield>
    <subfield code="e">rda</subfield>
    <subfield code="c">DLC</subfield>
  </datafield>
  <datafield tag="042" ind1=" " ind2=" ">
    <subfield code="a">pcc</subfield>
  </datafield>
  <datafield tag="050" ind1="0" ind2="0">
    <subfield code="a">NA9053.H76</subfield>
    <subfield code="b">B76 2014</subfield>
  </datafield>
  <datafield tag="082" ind1="0" ind2="0">
    <subfield code="a">711.4</subfield>
    <subfield code="2">23</subfield>
  </datafield>
  <datafield tag="084" ind1=" " ind2=" ">
    <subfield code="a">ARC010000</subfield>
    <subfield code="2">bisacsh</subfield>
  </datafield>
  <datafield tag="100" ind1="1" ind2=" ">
    <subfield code="a">Brown, Lance Jay,</subfield>
    <subfield code="d">1943-</subfield>
    <subfield code="9">7817</subfield>
  </datafield>
  <datafield tag="245" ind1="1" ind2="0">
    <subfield code="a">Urban design for an urban century :</subfield>
    <subfield code="b">shaping more livable, equitable, and resilient cities /</subfield>
    <subfield code="c">Lance Jay Brown, FAIA; David Dixon, FAIA; Oliver Gillham, AIA.</subfield>
  </datafield>
  <datafield tag="250" ind1=" " ind2=" ">
    <subfield code="a">Second edition.</subfield>
  </datafield>
  <datafield tag="260" ind1=" " ind2=" ">
    <subfield code="a">London:</subfield>
    <subfield code="b">Wiley, </subfield>
    <subfield code="c">2013.</subfield>
  </datafield>
  <datafield tag="263" ind1=" " ind2=" ">
    <subfield code="a">1404</subfield>
  </datafield>
  <datafield tag="300" ind1=" " ind2=" ">
    <subfield code="a">pages cm</subfield>
  </datafield>
  <datafield tag="504" ind1=" " ind2=" ">
    <subfield code="a">Includes bibliographical references and index.</subfield>
  </datafield>
  <datafield tag="505" ind1="0" ind2=" ">
    <subfield code="a">Roots of Western Urban Form : Centralization -- Decentralization : The Rise and Decline of Industrial Cities -- Recentralization : The Forces Shaping 21st-Century Urbanism -- Recentralization : 21st-century Urbanism Takes Shape.</subfield>
  </datafield>
  <datafield tag="520" ind1=" " ind2=" ">
    <subfield code="a">"This book offers a comprehensive introduction to urban design, from a historical overview and basic principles to practical design concepts and strategies. It discusses the demographic, environmental, economic, and social issues that influence the decision-making and implementation processes of urban design. The Second Edition has been fully revised to include thorough coverage of sustainability issues and to integrate new case studies into the core concepts discussed. Ancillary materials, including PowerPoint slides, sample questions and projects, and bonus case studies, help to enrich understanding of this topic"--</subfield>
  </datafield>
  <datafield tag="520" ind1=" " ind2=" ">
    <subfield code="a">"The Second Edition has been fully revised to include thorough coverage of sustainability issues and to integrate new case studies into the core concepts discussed. Ancillary materials, including PowerPoint slides, sample questions and projects, and bonus case studies, help to enrich understanding of this topic"--</subfield>
  </datafield>
  <datafield tag="650" ind1=" " ind2="0">
    <subfield code="a">City planning</subfield>
    <subfield code="x">Social aspects.</subfield>
    <subfield code="9">7818</subfield>
  </datafield>
  <datafield tag="650" ind1=" " ind2="0">
    <subfield code="a">Architecture</subfield>
    <subfield code="x">Human factors.</subfield>
    <subfield code="9">7819</subfield>
  </datafield>
  <datafield tag="650" ind1=" " ind2="7">
    <subfield code="a">ARCHITECTURE / Urban &amp; Land Use Planning.</subfield>
    <subfield code="2">bisacsh</subfield>
    <subfield code="9">7820</subfield>
  </datafield>
  <datafield tag="700" ind1="1" ind2=" ">
    <subfield code="a">Dixon, David,</subfield>
    <subfield code="d">1947 July 17-</subfield>
    <subfield code="9">7821</subfield>
  </datafield>
  <datafield tag="700" ind1="1" ind2=" ">
    <subfield code="a">Gillham, Oliver.</subfield>
    <subfield code="9">7822</subfield>
  </datafield>
  <datafield tag="776" ind1="0" ind2="8">
    <subfield code="i">Online version:</subfield>
    <subfield code="a">Brown, Lance Jay, 1943-</subfield>
    <subfield code="t">Urban design for an urban century</subfield>
    <subfield code="b">Second edition.</subfield>
    <subfield code="d">Hoboken : Wiley, 2014</subfield>
    <subfield code="z">9781118845813</subfield>
    <subfield code="w">(DLC) 2014004809</subfield>
  </datafield>
  <datafield tag="856" ind1="4" ind2="2">
    <subfield code="3">Cover image</subfield>
    <subfield code="u">http://catalogimages.wiley.com/images/db/jimages/9781118453636.jpg</subfield>
  </datafield>
  <datafield tag="906" ind1=" " ind2=" ">
    <subfield code="a">7</subfield>
    <subfield code="b">cbc</subfield>
    <subfield code="c">orignew</subfield>
    <subfield code="d">1</subfield>
    <subfield code="e">ecip</subfield>
    <subfield code="f">20</subfield>
    <subfield code="g">y-gencatlg</subfield>
  </datafield>
  <datafield tag="942" ind1=" " ind2=" ">
    <subfield code="2">ddc</subfield>
    <subfield code="c">BK</subfield>
  </datafield>
  <datafield tag="999" ind1=" " ind2=" ">
    <subfield code="c">354020</subfield>
    <subfield code="d">354020</subfield>
  </datafield>
  <datafield tag="952" ind1=" " ind2=" ">
    <subfield code="0">0</subfield>
    <subfield code="1">0</subfield>
    <subfield code="2">ddc</subfield>
    <subfield code="4">0</subfield>
    <subfield code="7">0</subfield>
    <subfield code="a">SADA</subfield>
    <subfield code="b">SADA</subfield>
    <subfield code="d">2014-10-01</subfield>
    <subfield code="l">2</subfield>
    <subfield code="o">711.4 BRO 2013</subfield>
    <subfield code="p">SADA0002393</subfield>
    <subfield code="r">2015-06-05</subfield>
    <subfield code="s">2015-05-05</subfield>
    <subfield code="v">7852.80</subfield>
    <subfield code="w">2014-10-01</subfield>
    <subfield code="y">BK</subfield>
  </datafield>
</record>
